000 00619nam a2200241Ia 4500
003 OSt
005 20221007075812.0
006 a|||||r|||| 00| 0
007 ta
008 221006b |||||||| |||| 00| 0 eng d
024 _a41,760
037 _cTextual
040 _aFLL
_cFLL
_beng
041 _2eng
_aeng
082 _aW:5, P8
100 _aBaxi Upendra
245 0 _aFuture of human rights , reprint 2012
250 _a3rd
260 _aNew Delhi
_bOxford University Press India
_c2008
300 _axiv,329p
_ccm.
942 _hW:5, P8
_cTEXL
_2CC
999 _c1157425
_d1157425